Hindu World: An encyclopedic survey of Hinduism, 2 V (Record no. 1364921)

MARC details
000 -LEADER
fixed length control field 00574nam a2200193Ia 4500
003 - CONTROL NUMBER IDENTIFIER
control field OSt
005 - DATE AND TIME OF LATEST TRANSACTION
control field 20260101122923.0
008 - FIXED-LENGTH DATA ELEMENTS--GENERAL INFORMATION
fixed length control field 008 250505s9999 xx 000 0 eng d
037 ## - SOURCE OF ACQUISITION
Stock number Textbook
040 ## - CATALOGING SOURCE
Original cataloging agency FEDL
Language of cataloging eng
Transcribing agency FEDL
041 ## - LANGUAGE CODE
Language code of text/sound track or separate title eng
Source of code eng
082 ## - DEWEY DECIMAL CLASSIFICATION NUMBER
Classification number 294.503, ENC
100 ## - MAIN ENTRY--PERSONAL NAME
Personal name Walker Benjamin
9 (RLIN) 860924
245 #0 - TITLE STATEMENT
Title Hindu World: An encyclopedic survey of Hinduism, 2 V
260 ## - PUBLICATION, DISTRIBUTION, ETC.
Place of publication, distribution, etc. London, UK
Name of publisher, distributor, etc. George Allen and Unwin Ltd.
Date of publication, distribution, etc. 1968
300 ## - PHYSICAL DESCRIPTION
Extent xiii, 609p.
942 ## - ADDED ENTRY ELEMENTS (KOHA)
Koha item type Textbook
Classification part 294.503, ENC
Source of classification or shelving scheme Dewey Decimal Classification
Suppress in OPAC No
Holdings
Withdrawn status Lost status Source of classification or shelving scheme Damaged status Not for loan Home library Current library Date acquired Total Checkouts Full call number Barcode Date last seen Price effective from Koha item type
    Dewey Decimal Classification     Department of Education Library Department of Education Library 2025-05-08   294.503, ENC EL0051289 2025-05-08 2025-05-08 Textbook
Copyright @ Delhi University Library System